|
|
|
|
| LEADER |
00000cam a2200000 a 4500 |
| 001 |
vtls010292946 |
| 003 |
SK-MaSNL |
| 005 |
20260301213543.0 |
| 008 |
251120s2011 xo a j f000 0 slo |
| 013 |
|
|
|a 287691
|b SK
|c patent
|d 20110606
|e dátum nadobudnutia účinkov patentu (Vestník ÚPV SR č.: 6/2011)
|d 20110523
|e dátum sprístupnenia patentu
|
| 013 |
|
|
|a 5060-2005
|e číslo prihlášky
|d 20050721
|e dátum podania prihlášky
|d 20060406
|e dátum zverejnenia prihlášky (Vestník ÚPV SR č.: 4/2006)
|
| 013 |
|
|
|a PV 2004-826
|e číslo prioritnej prihlášky
|d 20040721
|e dátum podania prioritnej prihlášky
|b CZ
|e kód krajiny prioritnej prihlášky
|
| 015 |
|
|
|a SNBN2013
|
| 040 |
|
|
|a SNK
|b slo
|c SNK
|e AACR2
|
| 041 |
0 |
|
|a slo
|
| 044 |
|
|
|a xo
|c SK
|
| 072 |
|
7 |
|a 656.2
|x Železničná doprava
|2 konspekt
|
| 080 |
|
|
|a 656.2
|2 2001
|
| 080 |
|
|
|a 656.25
|2 2001
|
| 084 |
|
|
|a H04L1/00
|2 IPC
|
| 245 |
0 |
0 |
|a Spôsob bezpečného prenosu informácií
|c Vladimír Novák ... [et al.] ; patent. zást. Mária Šujanová
|
| 260 |
|
|
|a [Banská Bystrica]
|b Úrad priemyselného vlastníctva SR
|c [2011]
|
| 300 |
|
|
|a 10 s.
|b obr.
|c 30 cm
|
| 650 |
0 |
7 |
|a zabezpečovacia technika
|2 SNKPH
|9 29322
|
| 650 |
0 |
7 |
|a železničná doprava
|2 SNKPH
|9 3185
|
| 650 |
0 |
7 |
|a Security technology
|2 SNKPHeng
|9 310056
|
| 650 |
0 |
7 |
|a Railroad transportation
|2 SNKPHeng
|9 337537
|
| 655 |
|
7 |
|a patenty
|2 SNKPH
|9 177343
|
| 655 |
|
7 |
|a patent licenses
|2 SNKPHeng
|9 303430
|
| 700 |
1 |
|
|a Doubek, Pavel
|4 org
|9 600642
|
| 700 |
1 |
|
|a Faran, Antonín
|4 org
|9 481057
|
| 700 |
1 |
|
|a Šujanová, Mária
|4 oth
|9 321083
|
| 700 |
1 |
|
|a Klapka, Štěpán
|4 org
|9 600643
|
| 700 |
1 |
|
|a Srb, Stanislav
|4 org
|9 481056
|
| 700 |
1 |
|
|a Houser, Jiří
|4 org
|9 392714
|
| 700 |
1 |
|
|a Pšenička, Pavel
|4 org
|9 566303
|
| 700 |
1 |
|
|a Švejda, Jaromír
|4 org
|9 600644
|
| 700 |
1 |
|
|a Novák, Vladimír
|4 org
|9 6064
|
| 710 |
2 |
|
|a AŽD Praha (Praha, Česko)
|4 pth
|9 334677
|
| 852 |
|
|
|a Štátna vedecká knižnica v Banskej Bystrici
|
| 999 |
|
|
|c 921997
|d 923927
|
| 952 |
|
|
|a SNK
|b SNK
|y PREZ
|7 0
|p 17A1067912
|o snkSK 287691
|i snk2013/9094
|8 0
|0 0
|1 0
|4 0
|d 2013-04-22
|l 0
|r 2026-02-24 08:19:26
|w 2026-02-24
|